PRACTICA DEL JUCIO LABORAL (Registro nro. 33057)
[ vista simple ]
| 000 -LEADER | |
|---|---|
| fixed length control field | 00962nam a2200193 a 4500 |
| 001 - CONTROL NUMBER | |
| control field | 33057 |
| 005 - DATE AND TIME OF LATEST TRANSACTION | |
| control field | 20180714000903.0 |
| 008 - FIXED-LENGTH DATA ELEMENTS--GENERAL INFORMATION | |
| fixed length control field | 140415s2010 mx 000 0 spa d |
| 020 ## - INTERNATIONAL STANDARD BOOK NUMBER | |
| International Standard Book Number | 9709173804 |
| 041 ## - LANGUAGE CODE | |
| Language code of text/sound track or separate title | spa |
| 082 ## - DEWEY DECIMAL CLASSIFICATION NUMBER | |
| Classification number | 344.4601 |
| Item number | RUI |
| 100 1# - MAIN ENTRY--PERSONAL NAME | |
| Personal name | RUIZ LUGO, SERGIO |
| 245 10 - TITLE STATEMENT | |
| Title | PRACTICA DEL JUCIO LABORAL |
| 250 ## - EDITION STATEMENT | |
| Edition statement | 1a ed.ICIÓN |
| 260 ## - PUBLICATION, DISTRIBUTION, ETC. | |
| Place of publication, distribution, etc. | MEXICO : |
| Name of publisher, distributor, etc. | PAIDOS, |
| Date of publication, distribution, etc. | 2010 |
| 300 ## - PHYSICAL DESCRIPTION | |
| Extent | 510 |
| Dimensions | 15 x 4 x 22 |
| 520 ## - SUMMARY, ETC. | |
| Summary, etc. | PRACTICA DE ENJUCIAMIENTO LABORAL, ES UNA OBRA MUY COMPLETA ESCRITO EN UN ESTILO FACIL Y COMPRENSIBLE PARA JURISTAS, EXPERTOS, EL COMUN DE LAS PERSONAS Y, ESPECIALMENTE PARA ESTUDIANTES, PRINCIPIANTES EM LA PROFESION Y TRABAJADORES. ABRACA DESDE LA ESTRUCTURA Y FUNCIONAMIENTO DE LOS ORGANOS DE ADMINISTRACION E IMPARTICION DE JUSTICIA LABORAL; TRATA LOS DIVERSOS TIPOS DE PROCEDIMIENTOS LABORALES LO QUE COMPLEMENTA CON UN PRACTICO FORMULARIO CON ESCRITOS Y ACTOS DE PROCEDIMIENTOS PARA L |
| 650 14 - SUBJECT ADDED ENTRY--TOPICAL TERM | |
| Topical term or geographic name entry element | DERECHO |
| Withdrawn status | Lost status | Source of classification or shelving scheme | Damaged status | Not for loan | Collection code | Home library | Current library | Shelving location | Date acquired | Source of acquisition | Total Checkouts | Full call number | Barcode | Date last seen | Date last checked out | Price effective from | Koha item type |
|---|---|---|---|---|---|---|---|---|---|---|---|---|---|---|---|---|---|
| Dewey Decimal Classification | General | Tehuacán | Tehuacán | Sala general | 03/12/2013 | Compra | 344.4601 RUI | 508037 | 11/02/2015 | 11/02/2015 | 03/12/2013 | Libro |